00784nam a2200217 a 450000100100000000500170001000800410002702000150006804000250008308200150010810000350012324501560015826000350031430000280034949000100037750000230038783000170041004900090042795201130043699900170054900002516920200930023613.0110208s1993 ck a r 000 | spa d a9589196071 aDO-SdBNPbspacBNPHU axxxbB838r1 aBrenson Lazan , Gilbert95163413aEl reino de lo nuestro :bnuevos planteamientos y ejercicios sobre una nueva y valiente manera de relacionarse : la intimidad /cGilbert Brenson Lazan. aBogotá :bSolar LTDA,c1993. a166 p. :bil. ;c21 cm.1 aSolar aIncluye apéndice 0aSolar919241 aBNGR 001050718MOaGRbGRcCTd2011-02-10iLF1l0oxxx B838rp25169-10r2020-06-25w2020-06-25y1ZNo se presta c24662d24662